Quizzes
Events
Quiz Creation
Community
Videos
Private Events
Remove Ads
Sign In
Join for FREE
Feedback
Dark Mode
Quiz Categories
Sports
Geography
Music
Movies
Television
Just For Fun
Miscellaneous
History
Literature
Language
Science
Gaming
Entertainment
Religion
Holiday
For Kids
Quiz Lab
Recent
Popular Today
Quiz Kudos Today
Editor Picks
Curator Picks
Quizzes by...
Day
Popularity
Type
Ratings
Length
Year
Community
Subscriptions
Recent Discussions
Orange Saloon
Badges
Playlists
Quests
Create
Leaderboards
Showdown
Live 5
Trivia Bingo
Activity
Puzzle Library
Sporcle Events
Private Events
Virtual Trivia
Globe League
Become a Host
Pub Owners
SporcleCon
Opinionation
Our Games
Videos
Blog
Mobile Apps
Partnerships
Remove Ads and Go Orange
Feedback
Entertainment
Celebrity
Famous
Musical
Broadway
Show
Quote
Comic Books
Anime
Superhero
DC Comics
Marvel
Cartoons
Animation
Entertainment
Celebrity
Famous
Musical
Broadway
Show
Quote
Comic Books
Anime
Superhero
DC Comics
Marvel
Cartoons
Animation
Random Quiz
Search Sporcle
×
Quiz Lab
Quiz Lab
Entertainment
Artist
Type in answers that appear in a list
Type in answers that appear in a list
Classic
Best Score? Go Orange.
Top 50 Manga as ranked by Japan’s Agency for Cultural Affair Stats
Can you name the Top 50 Manga?
By
Jellybrother
15m
50 Questions
1,338 Plays
1,338 Plays
1,338 Plays
Comments
Comments
Give Quiz Kudos
Give Quiz Kudos
-
- Ratings
hide this ad
More Info
Replay
Link that replays current quiz
Next Quiz
Link to next quiz in quiz playlist
You Got
0%
They Got
Avg Score
26%
Avg Friend Score
Upgrade to see
Score Distribution
Jump to the score distribution portion of the page
Score
0/50
Timer
15:00
0
Plays Today
No.
Title
% Correct
11
One Piece
90.2%
3
Dragon Ball
81%
10
Death Note
66.4%
4
Full Metal Alchemist
55.9%
43
Astro Boy
55.1%
1
Slam Dunk
54.9%
21
Hunter x Hunter
53.1%
25
Berserk
49.5%
2
Jojo's bizarre Adventure
49.3%
18
Yuyu Hakusho
46.1%
19
Monster
45.5%
36
20th Century Boys
39.1%
27
Vagabond
38.9%
15
Akira
35.3%
7
Black Jack
34.3%
8
Nausicäa of the Valley of Wind
33.4%
42
Pluto
33.2%
46
Detective Conan
32%
5
Doraemon
29.5%
23
Fist of the Northstar
27.6%
6
Phoenix
24.9%
50
Nana
24.9%
47
Devilman
23.6%
38
Lupin III
23.1%
31
Urusei Yatsura
21%
No.
Title
% Correct
37
Fruits Basket
20.6%
33
Touch
16.5%
22
Hellsing
16.2%
13
Yotsuba&!
14.7%
35
Tomorrow's Joe
14.7%
16
Azumanga Daioh
14.2%
29
Master Keaton
13.8%
12
Parasyte
12.9%
28
Rose of Versailles
12.4%
48
Gundam: The Origin
11.9%
40
KochiKame
11.5%
9
Mushishi
10.9%
26
Banana Fish
9.4%
34
Sazae-san
9.1%
14
Nodame Cantabile
8.9%
30
Glass Mask
8.4%
45
Emma
7.7%
20
Ushio & Tora
5.8%
49
Dragon Quest
5.8%
24
The Big Windup
3.4%
17
Animal Doctor
2.3%
41
Hi Izuru Tokoro no Tenshi
2.2%
44
Record of Three Countries
2.2%
32
The Tale of Genji
2%
39
Laughing Michael
1.7%
Quiz Playlist
Details
Report
Send in Message
Add To Playlist
More Info:
For the original list (japanese) visit plaza.bunka.go.jp/hundred/bumon_manga.html
Classic:
Type in answers that appear in a list
Quiz Source
Last Updated: Feb 16, 2017
Quiz Scoreboard
CHALLENGE
Sign Up to Join the Scoreboard
Show All
Scores
Hide
Comments
May contain spoilers
Recently Published
9x9 Crossword: Cartoon Network
by jackfrog10
Miscellaneous
3m
College Basketball Coaching Resumes
by pancakes188
Sports
9m
Billboard Blitz: Fleetwood Mac
by CooCooCachoo
Music
15s
More to Explore
Quiz From the Vault
Featured Blog Post
Where Did the Easter Bunny Come From?
hide this ad
You Might Also Like...
Tags
Artist Quiz
Affair
Agency
cultural
Japan
Manga
Top 50
Today's Top Quizzes in Entertainment
Browse Entertainment
hide this ad
Today's Top Quizzes in Artist
Browse Artist
Top Contributed Quizzes in Entertainment
1
7-to-1: DC Comics Villains
2
Marvel Characters Bunker
3
Eurovision 2023 Logic Puzzle
4
Dragon Ball Z: Goku's Fights in Order
5
Sorting Pictures: Villains
6
Criteria Quickie: Cartoon Taxonomy II
7
Mini Trivia Sudoku: Musicals
8
Kamen Rider Motifs
9
Fictional Villains Letter U Blitz
10
7-to-1: One Piece
Explore More
Trending Topics
Marvel
NBA
Kpop
Anime
Disney
Crossword
Harry Potter
Soccer
Puzzle
Pokémon
NFL
The Office
WWE
Country
Song
hide this ad
More By:
Jellybrother
Quiz
Plays
Rating
Category
Featured
Created
Top 50 Manga as ranked by Japan’s Agency for Cultural Affair
1,338
4.29
Entertainment
Oct 31, 2011
Diana Ross Top 40 Hits
424
5.00
Music
Aug 5, 2011
The Supremes Top 40 hits
347
5.00
Music
Aug 4, 2011
Anime based on Western Literature
320
3.00
Literature
Jul 12, 2011
Movie series by number of sequels
124
2.00
Movies
Apr 30, 2011
Go to Creator's Profile
Score Distribution
Quiz Creator Spotlight
Jellybrother
Follow
Send a Message
Quizzes Created
-
Created Quiz Play Count
-
More By This Creator
Popular Quizzes Today
1
Find the US States - No Outlines Minefield
2
Find the Countries of Europe - No Outlines Minefield
3
The Countries of the World
4
Find the US States
5
Risky Map Clicking: Biggest States A-Z
6
US States
7
Popular People in 1961
8
Movies - When Are They Set?
More Entertainment Quizzes
Q Magazine Covers
Editor's Pick
Trending Quizzes
Risky Map Clicking: Least Populous States A-Z
1-10 Letter G Words
1-10 Letter F Words
Risky Map Clicking: Next State Alphabetically
Adjectives in 80s TV Shows
Recently Updated
Leaping Animals
pecheneg
Reality TV Shows (A-Z)
bhenderson79
Rickey Henderson's Hall of Fame Teammates
pecheneg
Champions League XIs: Arsenal
pecheneg
Quick Pick: Celebrities in WWE's Hall of Fame
aduchscher
A-Z Keypad Blitz II
pecheneg
Multiple Oscar Actors
pecheneg
Mystery Phrase Blitz: Oscar 'Best Actors'
pecheneg
F. Scott Fitzgerald Novels
LTH
Pick 3 Villains
ddd62291
Trending Topics
Kpop
Crossword
Harry Potter
NBA
Marvel
Anime
Disney
Country
Pokémon
WWE
Soccer
The Office
Puzzle
NFL
Song
Your Account Isn't Verified!
In order to create a playlist on Sporcle, you need to verify the email address you used during registration. Go to your
Sporcle Settings
to finish the process.
Report this User
Report this user for behavior that violates our
Community Guidelines
.
Details:
Send Report
Go to the Sporcle.com Mobile Site →
Comments